Red Hot Chili Peppers Studio Albums - Statistics

General Stats
  • This quiz has been taken 15 times
  • The average score is 10 of 13
Answer Stats
Album % Correct
Blood Sugar Sex Magik
92%
By the Way
92%
Californication
92%
Stadium Arcadium
92%
Mother's Milk
83%
One Hot Minute
75%
The Red Hot Chili Peppers
75%
Freaky Styley
67%
Return of the Dream Canteen
67%
I'm with You
58%
The Getaway
58%
Unlimited Love
58%
The Uplift Mofo Party Plan
42%
No matching quizzes found
Score Distribution
Percent of People with Each Score
Percentile by Number Answered
Your Score History
You have not taken this quiz